00742nam a2200217Ia 4500003000400000005001700004008004100021020001800062040000700080041001200087082001700099100002600116245006400142260004200206300003200248365001300280906006400293942001200357999001900369952013600388OSt20251010113008.0210423s1998 xx 000 0 und d a9788120314030 cAL aEnglish a808.51bROZC aLaurie Rozakis978513 aComplete idiots guide to speaking in public with confidence aNew DelhibPHI Learning Pvt Ltdc1998 axxiii,280p.bPBc23.5x18cm. b195cINR aComplete ; confidence. ; guide ; idiots ; public ; speaking 2ddccBK c155115d155115 00102ddc40708PGDBMaSACPGbSACPGd2009-11-03g195.00l1o808.51 ROZCpPG001587r2022-11-14 00:00:00s2022-11-02w2021-04-26yBK